|
|
|
|
| LEADER |
00000nam0a2200000 4500 |
| 001 |
176428 |
| 005 |
20231101223256.0 |
| 010 |
|
|
|a 9785238017761
|
| 035 |
|
|
|a (RuTPU)RU\TPU\book\191269
|
| 090 |
|
|
|a 176428
|
| 100 |
|
|
|a 20100301d2010 m y0rusy50 ca
|
| 101 |
0 |
|
|a rus
|
| 102 |
|
|
|a RU
|
| 105 |
|
|
|a a j 001zy
|
| 200 |
1 |
|
|a Теория организации
|e учебное пособие для вузов
|f Е. Ф. Яськов
|
| 210 |
|
|
|a Москва
|c ЮНИТИ-ДАНА
|d 2010
|
| 215 |
|
|
|a 271 с.
|c ил.
|
| 320 |
|
|
|a Библиография в конце глав.
|
| 330 |
|
|
|a Освещен широкий круг вопросов, связанных с теоретическими основами формирования и функционирования организаций как специфических социально-экономических образований. Рассмотрена эволюция научных взглядов на сущность организаций, их роль в обществе, структурное оформление, раскрыты основные категории. Представлены разделы, посвященные механизму управления организациями и проблемам их бюрократизации. Изложение материала дается в контексте существующих на практике социально-экономических и правовых проблем. Особое внимание обращается на необходимость инновационного развития организаций и значительную роль человеческого фактора в этом процессе. Для студентов вузов, слушателей различных форм подготовки и повышения квалификации, а также аспирантов и преподавателей, специализирующихся в области государственного и муниципального управления, а также менеджмента организации.
|
| 606 |
1 |
|
|a Теория организации
|2 stltpush
|3 (RuTPU)RU\TPU\subj\67710
|9 83402
|
| 610 |
1 |
|
|a экономика
|
| 610 |
1 |
|
|a организации
|
| 610 |
1 |
|
|a предприятия
|
| 610 |
1 |
|
|a управление
|
| 610 |
1 |
|
|a внешняя среда
|
| 610 |
1 |
|
|a внутренняя среда
|
| 610 |
1 |
|
|a организационные структуры
|
| 610 |
1 |
|
|a коммуникации
|
| 610 |
1 |
|
|a коммуникационные системы
|
| 610 |
1 |
|
|a законы
|
| 610 |
1 |
|
|a Миссия
|
| 610 |
1 |
|
|a организационная культура
|
| 610 |
1 |
|
|a бюрократия
|
| 610 |
1 |
|
|a инновации
|
| 610 |
1 |
|
|a организационное проектирование
|
| 610 |
1 |
|
|a учебные пособия
|
| 686 |
|
|
|a У9(2)29я73
|v LBC/SL-A
|2 rubbk
|
| 700 |
|
1 |
|a Яськов
|b Е. Ф.
|g Евгений Фаддеевич
|
| 801 |
|
1 |
|a RU
|b 63413507
|c 20100301
|
| 801 |
|
2 |
|a RU
|b 63413507
|c 20150731
|g RCR
|
| 900 |
|
|
|a Теория организации
|
| 900 |
|
|
|a Организационное проектирование
|
| 942 |
|
|
|c BK
|
| 954 |
|
|
|b 080504
|b 080504
|
| 959 |
|
|
|a 8/20100301
|d 12
|e 0
|f АНЛ:1
|f ЧЗГЛ:1
|f УФ:10
|